MARC

LEADER 00000nam0a2200000 4500
001 94276
005 20231031105604.0
035 |a (RuTPU)RU\TPU\book\100971 
090 |a 94276 
100 |a 20060410d1960 km y0rusy50 ca 
101 0 |a rus 
102 |a RU 
105 |a a z 000zy 
200 1 |a Фторопласты  |f Д. Д. Чегодаев, З. К. Наумова, Ц. С. Дунаевская  |g под ред. Л. В. Черешкевича 
205 |a 2-е изд., доп. 
210 |a Ленинград  |c Госхимиздат  |d 1960 
215 |a 191 с.  |c ил. 
610 1 |a фторопласты 
610 1 |a полимеры 
610 1 |a фторсодержащие соединения 
610 1 |a применение 
610 1 |a механические свойства 
610 1 |a химические свойства 
610 1 |a технологические свойства 
675 |a 679.5  |v 3 
700 1 |a Чегодаев  |b Д. Д. 
701 1 |a Наумова  |b З. К. 
701 1 |a Дунаевская  |b Ц. С. 
702 1 |a Черешкевич  |b Л. В.  |4 340 
801 1 |a RU  |b 63413507  |c 20060410  |g PSBO 
801 2 |a RU  |b 63413507  |c 20180222  |g PSBO 
942 |c BK